000 00755nam a2200229 i 4500
001 26619
003 ES-MaACL
005 20230906153456.0
007 t|
008 030109s1982 sp |||| |bspa d
080 _a929 Colón, Diego
100 1 _aArranz Márquez, Luis.
_923225
245 1 0 _aDon Diego Colón, almirante, virrey y gobernador de las Indias /
_cLuis Arranz Márquez.
260 _aMadrid :
_bInstituto Gonzalo Fernández de Oviedo,
_c1982.
300 _a392 p. ;
_c25 cm.
490 1 _aTierra nueva e cielo nuevo ;
_v5
600 1 4 _aColón, Diego.
_9169609
710 2 _aInstituto "Gonzalo Fernández de Oviedo"
_95079
830 1 _aTierra nueva e cielo nuevo ;
_v5
_9177608
852 4 _aES-MaACL
_jL-54
999 _c26619
_d26619